Narodowości Piłkarzy Radomiaka Radom 25/26 - Statystyki

Ogólne statystyki
  • Ten quiz został rozwiązany 62 razy
  • Średni wynik to 21 z 28
Statystyki odpowiedzi
Pozycja Piłkarz Narodowość % Poprawnych
Bramkarz Filip Majchrowicz Polska
100%
Bramkarz Wiktor Koptas Polska
100%
Bramkarz Krystian Harcinski Polska
100%
Bramkarz Michał Jerke Polska
98%
Środkowy obrońca Mateusz Cichocki Polska
95%
Środkowy obrońca Adrián Diéguez Hiszpania
93%
Prawy obrońca Jan Grzesik Polska
91%
Defensywny pomocnik Michal Kaput Polska
91%
Ofensywny pomocnik Rafal Wolski Polska
91%
Defensywny pomocnik Mikolaj Molendowski Polska
90%
Lewy obrońca João Pedro Brazylia
88%
Środkowy napastnik Alex Niziolek Polska
86%
Prawy napastnik Leândro Brazylia
84%
Środkowy napastnik Maurides Brazylia
79%
Środkowy obrońca Jérémy Blasco Francja
76%
Defensywny pomocnik Christos Donis Grecja
76%
Lewy obrońca Josh Wilson-Esbrand Anglia
72%
Lewy napastnik Capita Angola
71%
Środkowy pomocnik Romário Baró Portugalia
71%
Prawy napastnik Guilherme Zimovski Brazylia
69%
Ofensywny pomocnik Roberto Alves Szwajcaria
62%
Środkowy obrońca Steve Kingue Kamerun
59%
Prawy obrońca Zié Ouattara Wybrzeże Kości Słoniowej
59%
Środkowy napastnik Depú Angola
57%
Prawy napastnik Vasco Lopes Republika Zielonego Przylądka
57%
Środkowy napastnik Abdoul Tapsoba Burkina Faso
47%
Defensywny pomocnik Ibrahima Camará Gwinea
45%
Prawy napastnik Elves Baldé Gwinea Bissau
29%
Nie znaleziono quizów pasujących do podanych kryteriów
Rozkład punktacji
Procent ludzi z każdym wynikiem
Percentyl według liczby udzielonych odpowiedzi
Twoja historia wyników
Nie rozwiązałeś tego quizu